|
|
|
|
| LEADER |
01254nam a2200289 u 4500 |
| 001 |
10016720 |
| 003 |
upatras |
| 005 |
20210117205017.0 |
| 008 |
881025s1997 uk eng |
| 020 |
|
|
|a 0582297990
|
| 040 |
|
|
|a GR-PaULI
|c GR-PaULI
|
| 041 |
0 |
|
|a eng
|
| 082 |
0 |
4 |
|a 620.1
|
| 100 |
1 |
|
|a Ogrodnik, Peter J.
|4 aut
|9 138212
|
| 245 |
1 |
0 |
|a Fundamental engineering mechanics
|c Peter J. Ogrodnik
|
| 260 |
|
|
|a Essex
|b Longman
|c 1997
|
| 300 |
|
|
|a xiv, 238 σ.
|b σχήμ.
|c 24 εκ.
|
| 504 |
|
|
|a Περιλαμβάνει ευρετήριο
|
| 650 |
|
4 |
|9 2523
|a Υλικά
|x Μηχανικές ιδιότητες
|
| 650 |
|
4 |
|9 245
|a Μηχανική
|
| 852 |
|
|
|a GR-PaULI
|b ΠΑΤΡΑ
|b ΒΚΠ
|b ΒΣ1
|k ΑΣΧΞ
|h 620.1 ORG
|m 32826
|p 025000240517
|t 1
|
| 852 |
|
|
|a GR-PaULI
|b ΠΑΤΡΑ
|b ΒΚΠ
|b ΒΣ1
|k ΑΣΧΞ
|h 620.1 ORG
|m 36862
|p 025000093197
|t 2
|
| 942 |
|
|
|2 ddc
|c BK15
|
| 952 |
|
|
|0 0
|1 0
|4 0
|6 620_100000000000000_ORG
|7 0
|9 165895
|a LISP
|b LISP
|c BSC
|d 2016-04-24
|i 32826
|l 0
|o 620.1 ORG
|p 025000240517
|r 2016-04-24 00:00:00
|t 1
|w 2016-04-24
|y BK15
|
| 952 |
|
|
|0 0
|1 0
|4 0
|6 620_100000000000000_ORG
|7 0
|9 165896
|a LISP
|b LISP
|c BSC
|d 2016-04-24
|i 36862
|l 0
|o 620.1 ORG
|p 025000093197
|r 2016-04-24 00:00:00
|t 2
|w 2016-04-24
|y BK15
|
| 998 |
|
|
|c ΒΑΣΙΛΕΙΟΥ
|d 2014-12
|
| 999 |
|
|
|c 103932
|d 103932
|